The secret lives of Baba Segi's wives / (Record no. 4323)

000 -LEADER
fixed length control field 01553cam a2200385 a 4500
001 - CONTROL NUMBER
control field 16503006
003 - CONTROL NUMBER IDENTIFIER
control field OSt
005 - DATE AND TIME OF LATEST TRANSACTION
control field 20221107154700.0
008 - FIXED-LENGTH DATA ELEMENTS--GENERAL INFORMATION
fixed length control field 101015s2010 nyuj 000 1 eng d
010 ## - LIBRARY OF CONGRESS CONTROL NUMBER
LC control number 2010283471
020 ## - INTERNATIONAL STANDARD BOOK NUMBER
International Standard Book Number 9780061946370
020 ## - INTERNATIONAL STANDARD BOOK NUMBER
International Standard Book Number 0061946370
035 ## - SYSTEM CONTROL NUMBER
System control number (OCoLC)ocn456180696
040 ## - CATALOGING SOURCE
Original cataloging agency BTCTA
Transcribing agency BTCTA
Modifying agency YDXCP
-- HSA
-- MR0
-- IK2
-- GO3
-- BWX
-- CDX
-- DLC
042 ## - AUTHENTICATION CODE
Authentication code lccopycat
043 ## - GEOGRAPHIC AREA CODE
Geographic area code f-nr---
050 00 - LIBRARY OF CONGRESS CALL NUMBER
Classification number PR9387.9.S475 2010
Item number S43 2010
082 04 - DEWEY DECIMAL CLASSIFICATION NUMBER
Classification number 823/.92
Edition number 22
100 1# - MAIN ENTRY--PERSONAL NAME
Personal name Shoneyin, Titilola Alexandrah.
245 14 - TITLE STATEMENT
Title The secret lives of Baba Segi's wives /
Statement of responsibility, etc Lola Shoneyin.
250 ## - EDITION STATEMENT
Edition statement 1st ed.
260 ## - PUBLICATION, DISTRIBUTION, ETC. (IMPRINT)
Place of publication, distribution, etc New York :
Name of publisher, distributor, etc William Morrow,
Date of publication, distribution, etc c2010.
300 ## - PHYSICAL DESCRIPTION
Extent 280 p. :
Other physical details geneal. table ;
Dimensions 20 cm.
520 ## - SUMMARY, ETC.
Summary, etc Baba Segi's fourth wife, the young, college-educated Bolanle, sends his household into turmoil, causing his other three wives to become jealous and resentful and to plot her downfall.
650 #0 - SUBJECT ADDED ENTRY--TOPICAL TERM
Topical term or geographic name as entry element Wives
Geographic subdivision Nigeria
Form subdivision Fiction.
650 #0 - SUBJECT ADDED ENTRY--TOPICAL TERM
Topical term or geographic name as entry element Families
Geographic subdivision Nigeria
Form subdivision Fiction.
650 #0 - SUBJECT ADDED ENTRY--TOPICAL TERM
Topical term or geographic name as entry element Polygamy
Geographic subdivision Nigeria
Form subdivision Fiction.
651 #0 - SUBJECT ADDED ENTRY--GEOGRAPHIC NAME
Geographic name Nigeria
Form subdivision Fiction.
655 #0 - INDEX TERM--GENRE/FORM
Genre/form data or focus term Domestic fiction.
856 42 - ELECTRONIC LOCATION AND ACCESS
Materials specified Contributor biographical information
Uniform Resource Identifier <a href="http://www.loc.gov/catdir/enhancements/fy1101/2010283471-b.html">http://www.loc.gov/catdir/enhancements/fy1101/2010283471-b.html</a>
856 42 - ELECTRONIC LOCATION AND ACCESS
Materials specified Publisher description
Uniform Resource Identifier <a href="http://www.loc.gov/catdir/enhancements/fy1101/2010283471-d.html">http://www.loc.gov/catdir/enhancements/fy1101/2010283471-d.html</a>
906 ## - LOCAL DATA ELEMENT F, LDF (RLIN)
a 7
b cbc
c copycat
d 2
e ncip
f 20
g y-gencatlg
942 ## - ADDED ENTRY ELEMENTS (KOHA)
Source of classification or shelving scheme
Koha item type Fiction and Non- Fiction novels
Holdings
Withdrawn status Lost status Source of classification or shelving scheme Damaged status Not for loan Home library Current library Date acquired Total Checkouts Full call number Barcode Date last seen Date checked out Copy number Price effective from Koha item type Checked out
          Riara University Library Riara University Library 07/11/2022 18 PR9387.9.S475 2010 6070/15 11/02/2026 19/08/2025 C.1 07/11/2022 Fiction and Non- Fiction novels  
          Riara University Library Riara University Library 07/11/2022 5 PR9387.9.S475 2010 6071/15 09/05/2023 09/05/2023 C.2 07/11/2022 Fiction and Non- Fiction novels 09/05/2023

Riara University Library,
P.O. Box 49940-00100,
Nairobi, Kenya.